Caji Lucilii Suessani Auruncani, Satyrographorum Principis, Eq. Romani, (qui magnus avunculus Magno Pompejo fuit) Satyrarum Quae Supersunt Reliquiae. Franciscus Jani F. Dousa collegit, disposuit, & Notas addidit.

Bibliographic Details
Main Author: Lucilius, Gaius, asi 180-asi 102 pred Kr (Author)
Corporate Author: Comino, Giuseppe (Padova, Taliansko) (Printer)
Other Authors: Comino, Giuseppe, 1690-1756 (Printer), Does, Frans van der, 1577-1630 (Commentator for written text)
Format: Book
Language:Latin
PhysicalDescription:16 nečíslovaných strán, 316 strán, 4 nečíslované strany 18 cm
Edition:Editio II. Lugduno-Batavâ auctior, & emendatior
Subjects:

MARC

LEADER 00000nam a2200000 4500
001 vtls012021322
003 SK-MaSNL
005 20260302003456.0
008 210408t1735 it a r 000 0 lat
015 |a SNBHFA1735 
040 |a SNKHF  |b slo  |c SNK  |e rda 
041 |a lat 
044 |a it  |c IT 
072 7 |a 821.09  |x Literatúra v rôznych jazykoch (o nej)  |2 konspekt 
080 |a 821(37/38)  |2 2001 
100 1 |a Lucilius, Gaius,  |d asi 180-asi 102 pred Kr.  |4 aut  |9 642208 
245 1 0 |a Caji Lucilii Suessani Auruncani, Satyrographorum Principis,  |b Eq. Romani, (qui magnus avunculus Magno Pompejo fuit) Satyrarum Quae Supersunt Reliquiae. Franciscus Jani F. Dousa collegit, disposuit, & Notas addidit. 
246 3 0 |a Satyrographorum Principis,  |b Eq. Romani, (qui magnus avunculus Magno Pompejo fuit) Satyrarum Quae Supersunt Reliquiae. Franciscus Jani F. Dousa collegit, disposuit, & Notas addidit. 
250 |a Editio II. Lugduno-Batavâ auctior, & emendatior 
264 3 |a Patavii  |b Excudebat Josephus Cominus. Superiorum Permissu, et cum Excellentiss. Senatus Veneti Privilegio ad annos XV.  |c CIƆIƆCCXXXV (1735) 
300 |a 16 nečíslovaných strán, 316 strán, 4 nečíslované strany  |c 18 cm 
336 |a text  |b txt  |2 rdacontent 
337 |a bez média  |b n  |2 rdamedia 
338 |a zväzok  |b nc  |2 rdacarier 
500 |a Kustody, koncová vineta, ilustrovaný titulný list, iniciály s figurálnym pozadím na 7 riadkov 
562 |a Rukopisný obsah.  |5 SNK ID 102054 
563 |a Väzba pôvodná kožená.  |5 SNK ID 102053 
650 0 7 |a antická literatúra  |2 SNKPH  |9 92203 
700 1 |a Comino, Giuseppe,  |d 1690-1756  |4 prt  |9 403051 
700 1 |a Does, Frans van der,  |d 1577-1630  |4 cwt  |9 642209 
710 0 |a Comino, Giuseppe (Padova, Taliansko)  |4 prt  |9 642210 
752 |a Taliansko  |d Padova 
852 |a snk  |b Aponiovská knižnica  |p ID 102053 
958 |a DD 
958 |a ONDV 
999 |c 992140  |d 994070 
952 |t Op. II/76  |a SNK  |b SNK  |c SNK_HF  |y PREZ  |7 0  |p 17A1397240  |o snkID 102053  |i snk2021/2525  |8 5  |0 0  |1 0  |4 0  |d 2021-04-08  |l 0  |r 2026-02-24 11:53:02  |w 2026-02-24